000 00604nam a2200181Ia 4500
005 20250508153744.0
008 008 250505s9999 xx 000 0 eng d
037 _aTextual
040 _aFEDL
_beng
_cFEDL
041 _aeng
_2eng
084 _a370.58, NEW/R
_qFEDL
245 0 _aEducational guide : A hand book of useful information for foreign students in the United States of America
245 0 _cCFRFS
260 _aNew York, USA
_bThe Committee on Friendly Relations Among Foreign Students
_c1917
300 _a56p
942 _cTEXL
_h370.58, NEW/R
999 _c1345248
_d1345248